000 00761cas a22002055a 4500
001 L146252
008 081219c1996 xxk r p s 0 a0eng d
035 _a(Sirsi) u146252
041 0 _aeng
050 _a333.32 $2 18
110 2 _aProperty Intelligence plc
_93853
245 0 0 _aFocus Auction Guide Analysis
260 _aLondon
_bProperty Intelligence
_c1996-2004
362 0 _a1996-2004
520 _aUsing a sample of UK commercial property sales, presents data showing the variance between property market valuations and market transactions. Tables. Includes some data from 1982 onwards.
650 2 4 _aFOCUS AUCTION GUIDE ANALYSIS
651 4 _aUnited Kingdom
_y
690 _aPROPERTY-COMMERCIAL PROPERTY-COMMERCIAL PROPERTY MARKET
942 _n0
999 _c119213
_d119213